100 Mest Almindelige Ord på Dansk - Statistics

General Stats
  • This quiz has been taken 146 times
  • The average score is 46 of 100
Answer Stats
Ord % Correct
I
93%
De
92%
Vi
92%
Jeg
88%
Du
83%
81%
78%
Der
76%
Det
76%
Er
76%
76%
Hvor
75%
Kan
75%
Og
75%
En
71%
Han
71%
Hvad
71%
71%
Den
70%
For
70%
Til
66%
Et
65%
Vil
65%
Op
64%
Har
63%
Hun
63%
Min
63%
Da
61%
Skal
60%
Se
59%
Ned
58%
To
58%
Dem
57%
At
55%
Man
55%
Mig
55%
Ud
54%
Hende
53%
Ikke
52%
Ved
51%
Kun
49%
Med
49%
Fra
47%
Var
47%
Ind
46%
Men
46%
Af
45%
Deres
45%
Kunne
45%
Havde
43%
Nu
43%
Som
42%
Hans
41%
Sig
41%
Være
41%
Ville
40%
Ham
39%
Hvis
39%
Eller
37%
Når
37%
Om
37%
Hendes
36%
Kom
36%
Os
36%
Over
36%
Sin
36%
Fik
35%
Gik
35%
Skulle
35%
Lidt
34%
Meget
34%
Jo
33%
Også
31%
Mange
30%
Have
29%
Alle
28%
Blive
28%
Dag
27%
Lige
27%
Godt
25%
Mere
25%
Bliver
24%
Sagde
24%
Siger
24%
Nok
23%
Efter
22%
År
20%
Lille
20%
Mod
20%
Blev
19%
Gang
18%
Været
18%
Sammen
16%
Helt
13%
Igen
13%
Noget
13%
Andre
12%
Selv
12%
End
8%
Hele
8%
No matching quizzes found
Score Distribution
Percent of People with Each Score
Percentile by Number Answered
Your Score History
You have not taken this quiz